00581nam a2200133 a 450000100100000000500170001000800410002704000250006824501070009326000470020030000170024795201660026499900170043000003381520200930070536.0110912s1846 dr r 000 0 spa d aDO-SdBNPbspacBNPHU00aActos legislativos del Congreso constitucional y decretos del presidente de la República Dominicana. aSanto Domingo :bImprenta Nacional,c1846. av. ;c21 cm. 001050718RVaPDbPDcHDd2011-09-12iLF1l0o p33815-10r2020-06-25w2020-06-25y1zPerteneció a la biblioteca personal de Julio Ortega FrierZNo se presta c33306d33306